Geography Quiz

Random Geography or City Quiz

Largest Cities per Country (Matching) Quiz Stats

 Plays Quiz not verified by Sporcle

Challenge
Share
Tweet
Score 0/20 Timer 06:00
0 Plays Today
% Correct
Australia
98.8%
Canada
97.9%
Japan
97.5%
USA
97.5%
Germany
96.3%
France
94.6%
Russia
93.3%
New Zealand
92.5%
Ireland
90.4%
South Africa
90.4%
% Correct
Israel
90.4%
Brazil
90%
Egypt
88.3%
Greece
86.3%
Iraq
79.2%
Portugal
78.8%
Libya
76.7%
Peru
75.4%
Indonesia
72.1%
Ghana
70%

You're not logged in!

Compare scores with friends on all Sporcle quizzes.
Join for Free
OR
Log In

You Might Also Like...

Show Comments

Extras

Top Quizzes Today


Score Distribution

Your Account Isn't Verified!

In order to create a playlist on Sporcle, you need to verify the email address you used during registration. Go to your Sporcle Settings to finish the process.

Report this User

Report this user for behavior that violates our Community Guidelines.

Details: